Consumer Behaviour and Distribution Systems Comparative Marketing Studies

Guardado en:
Detalles Bibliográficos
Formato: Libro
Lenguaje:inglés
Publicado: Lódz Uniwersytet 1988
Edición:1. ed.
Colección:Acta Universitatis Lodziensis 85
Etiquetas: Agregar Etiqueta
Sin Etiquetas, Sea el primero en etiquetar este registro!

MARC

LEADER 00000nam a2200000 4500
001 c025270
005 20221219115611.7
041 0 |a eng 
044 |a PL 
245 1 0 |a Consumer Behaviour and Distribution Systems  |b Comparative Marketing Studies 
250 |a 1. ed. 
264 1 |a Lódz  |b Uniwersytet  |c 1988 
300 |a 218 s. 
490 1 |a Acta Universitatis Lodziensis  |v 85 
830 0 |a Acta Universitatis Lodziensis  |v 85